Ingo y Drago (Registro nro. 984)
[ vista simple ]
| 000 -CABECERA | |
|---|---|
| Longitud fija campo de control | 00965nam a2200289Ia 4500 |
| 005 - • FECHA Y HORA DE LA ÚLTIMA TRANSACCIÓN | |
| Fecha y hora de la última transacción | 20220316235438.0 |
| 008 - • CÓDIGOS DE INFORMACIÓN DE LONGITUD FIJA | |
| Códigos de información de longitud fija | 121119s2002 sp a gr 000 j spa |
| 020 ## - • NÚMERO INTERNACIONAL NORMALIZADO PARA LIBROS | |
| Número Internacional Normalizado para Libros (ISBN) | 8434813084 |
| 041 1# - • CÓDIGO DE LENGUA | |
| Código de lengua del texto/banda sonora o título independiente | spa |
| 040 ## - FUENTE DE LA CATALOGACIÓN | |
| Centro catalogador de origen | CO-BoRNBP |
| Lengua de catalogación | spa |
| Normas de descripción | rda |
| Centro transcriptor | CO-BoRNBP |
| 084 ## - • Clasificación Local Alfanúmerica PNLB | |
| Número de clasificación | N LOB2 |
| 100 1# - • PUNTO DE ACCESO PRINCIPAL-NOMBRE DE PERSONA | |
| Nombre de persona | Lobe, Mira |
| 245 10 - • TITULO PROPIAMENTE DICHO | |
| Título | Ingo y Drago |
| Mención de responsabilidad, etc. | Mira Lobe ; traducción, Marinella Terzi ; ilustraciones, Susi Weigel |
| 250 ## - • MENCIÓN DE EDICIÓN | |
| Mención de edición | Trigésima segunda edición |
| 264 ## - PRODUCCIÓN, PUBLICACIÓN , DISTRIBUCIÓN, FABRICACIÓN Y COPYRIGHT | |
| Lugar de producción, publicación, distribución, fabricación | Madrid |
| Nombre del productor, editor, distribuidor, fabricante | [Editorial no identificada] |
| Fecha de de producción, publicación, distribución, fabricación o copyright | 2002 |
| 300 ## - • DESCRIPCIÓN FÍSICA | |
| Extensión | 128 páginas |
| Otras características físicas | ilustraciones |
| Dimensiones | 19 cm |
| 336 ## - TIPO DE CONTENIDO | |
| Término de tipo de contenido | texto |
| Código de tipo de contenido | txt |
| Fuente | rdacontent |
| 337 ## - TIPO DE MEDIO | |
| Nombre del tipo de medio | sin mediación |
| Código del tipo de medio | n |
| Fuente | rdamedia |
| 338 ## - TIPO DE SOPORTE | |
| Nombre del tipo de soporte | volumen |
| Código del tipo de soporte | nc |
| Fuente | rdacarrier |
| 490 0# - • MENCIÓN DE SERIE | |
| Mención de serie | El barco de vapor : azul |
| 650 14 - • PUNTO DE ACCESO ADICIONAL DE MATERIA - TÉRMINO DE MATERIA | |
| Término de materia o nombre geográfico como elemento inicial | Autores austriacos |
| Subdivisión de forma | Cuentos |
| Fuente del encabezamiento o término | LEMB |
| 650 14 - • PUNTO DE ACCESO ADICIONAL DE MATERIA - TÉRMINO DE MATERIA | |
| Término de materia o nombre geográfico como elemento inicial | Literatura austriaca |
| Subdivisión cronológica | Siglo XX |
| Fuente del encabezamiento o término | LEMB |
| 650 14 - • PUNTO DE ACCESO ADICIONAL DE MATERIA - TÉRMINO DE MATERIA | |
| Término de materia o nombre geográfico como elemento inicial | Dragones |
| Subdivisión de forma | Cuentos |
| Fuente del encabezamiento o término | LEMB |
| 700 1# - • PUNTO DE ACCESO ADICIONAL - NOMBRE DE PERSONA | |
| Nombre de persona | Weigel, Susi |
| Término indicativo de función | ilustrador |
| 700 1# - • PUNTO DE ACCESO ADICIONAL - NOMBRE DE PERSONA | |
| Nombre de persona | Terzi, Marinella |
| Término indicativo de función | traductor |
| 942 ## - ENTRADA DE ELEMENTOS AGREGADOS (KOHA) | |
| Fuente de clasificaión o esquema | |
| Koha [por defecto] tipo de item | Libro Literatura |
| Perdido | Fuente de clasificación o esquema | Estado Físico | No para préstamo | Forma de adquisición | Localización permanente | Localización actual | Localización en estanterías | Fecha adquisición | Signatura completa | Código de barras | Fecha última consulta | Número de copia | Fecha del precio de reemplazo | Tipo de item de Koha | Préstamos totales |
|---|---|---|---|---|---|---|---|---|---|---|---|---|---|---|---|
| Dewey Decimal Classification | Infantil | Biblioteca Pública Cubarral | Biblioteca Pública Cubarral | Sala Infantil | 07/18/2023 | N LOB2 | CUB00211 | 07/18/2023 | Ej.1 | 07/18/2023 | Libro Literatura | ||||
| Dewey Decimal Classification | Infantil | Biblioteca Pública José Eustasio Rivera - San Martin | Biblioteca Pública José Eustasio Rivera - San Martin | Sala Infantil | 11/30/2023 | N LOB2 | SM02879 | 11/30/2023 | Ej.1 | 11/30/2023 | Libro Infantil | ||||
| Dewey Decimal Classification | Infantil | Biblioteca Pública Puerto Lleras | Biblioteca Pública Puerto Lleras | Literatura | 10/13/2023 | N LOB2 | PLL00316 | 10/13/2023 | Ej.1 | 10/13/2023 | Libro Infantil | ||||
| Dewey Decimal Classification | Infantil | Biblioteca Pública San Carlos de Guaroa - Eduardo Carranza | Biblioteca Pública San Carlos de Guaroa - Eduardo Carranza | Sala Infantil | 06/28/2023 | N LOB2 | SG00623 | 06/28/2023 | Ej.1 | 06/28/2023 | Libro Literatura | ||||
| Dewey Decimal Classification | Infantil | Biblioteca Pública El Castillo - Alfonso Meneses | Biblioteca Pública El Castillo - Alfonso Meneses | Sala Infantil | 08/26/2023 | N LOB2 | EC00366 | 08/26/2023 | Ej.1 | 08/26/2023 | Libro Literatura | ||||
| Dewey Decimal Classification | Infantil | Biblioteca Pública La Macarena | Biblioteca Pública La Macarena | Sala Infantil | 11/22/2024 | N LOB2 | LM001797 | 11/22/2024 | Ej.1 | 11/22/2024 | Libro Literatura | ||||
| Dewey Decimal Classification | Infantil | Biblioteca Pública Mapiripan | Biblioteca Pública Mapiripan | Sala Infantil | 01/24/2024 | N LOB2 | MAP00003507 | 01/24/2024 | Ej.1 | 01/24/2024 | Libro Literatura | ||||
| Dewey Decimal Classification | Infantil | Biblioteca Pública Uribe - Reinerio Arenas | Biblioteca Pública Uribe - Reinerio Arenas | Sala Infantil | 06/25/2025 | N LOB2 | URI02616 | 06/25/2025 | Ej.1 | 06/25/2025 | Libro Infantil |